000 00347nam a2200121Ia 4500
008 220217s9999||||xx |||||||||||||| ||und||
082 _a621.381 KRI
100 _aGhoshal, Sib Krishna Nassa, Devendra Mohan
_93281
245 0 _aDigital electronics
260 _aGalgotia booh source
_bNew Delhi
_c2002
300 _b110
650 _aELECTRONICS
999 _c171303
_d171303